| 000 | 00671cam a22002175a 4500 | ||
|---|---|---|---|
| 001 | 015545243 | ||
| 003 | OSt | ||
| 005 | 20180130123549.0 | ||
| 008 | 100225s2010 enk fr 000 f eng d | ||
| 020 | _a9780241950111 | ||
| 040 |
_aStDuBDS _beng _cStDuBDS _dEG-ScBUE |
||
| 082 | 0 | 4 |
_a823.914 _222 _bCOE |
| 100 | 1 |
_aCoetzee, J. M., _d1940- _925455 |
|
| 245 | 1 | 0 |
_aFoe / _cJ. M. Coetzee. |
| 260 |
_aLondon : _bPenguin Books, _c2010. |
||
| 300 |
_a157 p. ; _c20 cm. |
||
| 500 | _aOriginally published: London: Secker & Warburg, 1986. | ||
| 650 | 7 |
_aSurvival after airplane accidents, shipwrecks, etc. _vFiction. _2BUEsh _924890 |
|
| 653 |
_bHHUUEENN _cJanuary2018 |
||
| 942 | _2ddc | ||
| 999 |
_c26046 _d26018 |
||